Statistiques concernant Départements français par images n°5

Cliquez ici pour prendre le quiz!

Statistiques générales

  • Ce quiz a été pris 49 fois
  • Le résultat moyen est 16 sur 21

Statistiques - réponses

Réponse% Correct
La Réunion
93%
Martinique
93%
Var
91%
Mayotte
86%
Territoire-de-Belfort
86%
Guyane
84%
Vaucluse
84%
Vendée
84%
Guadeloupe
81%
Seine-Saint-Denis
81%
Val-de-Marne
77%
Yonne
74%
Haute-Vienne
72%
Somme
70%
Tarn
70%
Val-d'Oise
70%
Vienne
70%
Essonne
65%
Hauts-de-Seine
60%
Tarn-et-Garonne
60%
Vosges
60%

Distribution des résultats

Percentile par nombre de réponses

% des personnes avec chaque résultat

Votre développement - résultats

Vous n’avez pas pris ce quiz